000 01053cam a2200241 a 4500
001 000008820
003 OSt
005 20200929161419.0
008 790522s1969 ve 000 f spa d
040 _aDO-SdBNP
_bspa
_cBNPHU
082 _aA863.4
_bB616a
100 1 _aBioy Casares, Adolfo,
_d1914-1999.
_923364
245 1 0 _aAdversos milagros :
_brelatos /
_cAdolfo Bioy Casares ; prólogo y selección de Enrique Pezzoni.
260 _aCaracas, Venezuela :
_bMonte Ávila,
_c1969.
300 _a226 p. ;
_c18 cm.
500 _aIncluye referencias bibliográficas y notas al pie de las páginas.
505 0 _aPrólogo. -- La invención de Morel. -- En memoria de Paulina. -- El perjurio de la nieve. -- Homenaje a Francisco Almeyra. -- El sueño de los héroes. -- Una aventura. -- Carta sobre Emilia. -- Confidencias de un lobo. -- Fragmentos. - Libro de Adolfo Bioy Casares.
650 4 _aNovela argentina
_93941
650 4 _aLiteratura argentina
_93860
700 1 _aPezzoni, Enrique,
_eprólogo
_962981
942 _2ddc
_cLF1
956 _aLOPEREZ
999 _c8589
_d8589